| 000 | 00540nam a22001817a 4500 | ||
|---|---|---|---|
| 999 |
_c190924 _d190924 |
||
| 005 | 20220811113934.0 | ||
| 010 | _aENG-134397 | ||
| 020 |
_a9789390663040 _c120.00 |
||
| 035 | _aEN-117929 | ||
| 037 | _bDBAD/PUB | ||
| 082 | _a881 | ||
| 100 | _aArena, Alessio | ||
| 245 |
_aThe Sky In Two/ _cAlessio Arena |
||
| 260 |
_aHaryana _bGlobal Fraternity of Poets _c2021 |
||
| 270 |
_aH-23/16, DLF Phase-1 _bGurugram _e122002 _k0124-4054392 _mglobalfop@gmail.com |
||
| 300 |
_aiii, 31p. _c22cm(pbk) |
||
| 942 |
_2ddc _cEN _h881 _mARE |
||